000 01432nam a2200349 i 4500
003 DO-SdBNP
005 20240228130358.0
007 ta
008 230412e2013 dr ao||er|||| 000 pdspa d
020 _a9789945009286
040 _aDO-SdBNP
_bspa
_cBNPHU
_erda
082 4 _222
_bG633t
100 1 _aGómez Rosa, Alexis,
_d1950-
_eautor
_923501
245 1 0 _aTrueno robado /
_b(haikus y otras japonerías)
_cAlexis Gómez-Rosa ; traducción, Mayuni Hidaka ; Fotos, Alexis Méndez, Augusto Valdivia, Milton González ; pintura, Sarah Patricia Castillo ; diagramación y arte final, Melissa Moquete Smith.
264 1 _aSanto Domingo :
_bGente,
_c2013
300 _a131 páginas :
_bIlustraciones, fotografías, pinturas,
_c17 cm.
336 _2rdacontent
_atexto
_btxt
337 _2rdamedia
_asin mediación
_bn
338 _2rdacarrier
_avolumen
_bnc
500 _aIncluye datos biográficos del autor en las solapas
546 _aLibro en dos idiomas: idioma español, idioma japonés.
590 _aInventariado 2023 /BT
700 1 _aHidaka, Mayumi,
_etraductor
_973015
700 1 _943326
_aMéndez, Alexis,
_efotos
700 1 _aValdivia, Augusto,
_efotos
_983243
700 1 _aGonzález, Milton,
_efotos
_983244
700 1 _925720
_aMolinaza, José,
_efoto autor
700 1 _aCatillo, Sarah Patricia,
_epinturas
_983245
700 1 _aMoquete Smith, Melissa,
_ediagramador
_983246
910 _aBtavárez
942 _2ddc
_cLBS1
999 _c53214
_d53214